000 00531nam a2200181Ia 4500
999 _c34013
_d34013
003 OSt
005 20200824105502.0
008 190216s9999||||xx |||||||||||||| ||und||
020 _a9788131500538
040 _coclc
082 _a530.41
_bASH/S
100 _aAshcroft, Neil W
_94298
245 0 _aSolid State Physics /
_cNeil W Ashcroft ; N David Mermin
260 _bThomson Press India Ltd,
_aBangalore:
_c2006.
300 _a826p
650 _aPhysics
942 _cBK
_2ddc
_h530.41
_iASH/S
_k530.41
_mASH/S